000 00503nam a2200145Ia 4500
041 _aArabic
082 _a345 cut-929 ش
100 _a20260118u\\\\\\\\\\\y0engy0103\\\\ba
100 _aد.قدرى عبدالفتاح الشهماوي
245 0 _aالجرائم المخلة بمشروعية السلطة التنفيذية في التشريع المصري والمقارن
250 _aط1
260 _bدار النهضة العربية
_aالقاهرة
_c2006
300 _a506
942 _cBk
999 _c189622
_d189622